000
00301nam a22001337a 4500
008
170508b xxu||||| |||| 00| 0 eng d
020
_a
9781587789830
041
_a
eng
080
_a
343.9
100
_a
15
101
_a
shj
245
_a
CRIMINAL PROCEDURE STORIES
_c
STEIKER, C.S
942
_2
udc
_c
BK
999
_c
13000
_d
13000